[Event "2BLO 1819 SK Weilheim - Nickelhütte Au"]
[Site "?"]
[Date "2018.11.10"]
[Round "1.1"]
[White "Papp, Gabor"]
[Black "Luther, Thomas"]
[Result "1/2-1/2"]
[WhiteElo "2591"]
[BlackElo "2524"]
[PlyCount "51"]
[EventDate "2018.??.??"]

1. d4 d5 2. c4 c6 3. Nf3 Nf6 4. e3 Bg4 5. Nc3 e6 6. Qb3 Qb6 7. Ne5 Bf5 8. c5
Qc7 9. Qa4 Nbd7 10. Nxd7 Nxd7 11. Be2 Be7 12. Bd2 O-O 13. g4 Bg6 14. h4 f6 15.
h5 Bf7 16. Qc2 b6 17. Bd3 h6 18. b4 a5 19. cxb6 Nxb6 20. bxa5 Nc4 21. Bxc4 dxc4
22. Ne2 c5 23. Qe4 Qb7 24. Ng3 cxd4 25. O-O dxe3 26. Bxe3 1/2-1/2

[Event "2BLO 1819 SK Weilheim - Nickelhütte Au"]
[Site "?"]
[Date "2018.11.10"]
[Round "1.2"]
[White "Lehner, Oliver"]
[Black "Antal, Gergely"]
[Result "1/2-1/2"]
[WhiteElo "2393"]
[BlackElo "2546"]
[PlyCount "99"]
[EventDate "2018.??.??"]

1. e4 c5 2. Nf3 Nc6 3. Bb5 g6 4. Bxc6 bxc6 5. O-O Bg7 6. Re1 Nf6 7. d3 O-O 8.
e5 Nd5 9. Nbd2 f6 10. exf6 Nxf6 11. Qe2 Nd5 12. Nc4 d6 13. Ng5 Rf6 14. Bd2 h6
15. Ne4 Rf7 16. c3 Rb8 17. Ng3 Qd7 18. f3 Nb6 19. b3 Nd5 20. Rac1 Kh7 21. Qf2
Nf4 22. Bxf4 Rxf4 23. Qe3 Rf7 24. d4 cxd4 25. cxd4 Rb5 26. Rcd1 Qc7 27. Kh1 a5
28. Re2 Qa7 29. a4 Rd5 30. Red2 e5 31. dxe5 Qxe3 32. Nxe3 Rxd2 33. Rxd2 d5 34.
Rc2 Bxe5 35. Rxc6 Bb7 36. Re6 Bg7 37. h4 h5 38. Ngf1 Rf4 39. Re7 Rxh4+ 40. Kg1
Rb4 41. Nd2 Kh6 42. Nc2 Rb6 43. f4 Bc8 44. Kh2 d4 45. Ne1 Be6 46. Ra7 Bxb3 47.
Nxb3 Rxb3 48. Rxa5 d3 49. Rd5 Ra3 50. Nxd3 1/2-1/2

[Event "2BLO 1819 SK Weilheim - Nickelhütte Au"]
[Site "?"]
[Date "2018.11.10"]
[Round "1.3"]
[White "Meijers, Viesturs"]
[Black "Bayer, Bernhard"]
[Result "1/2-1/2"]
[WhiteElo "2444"]
[BlackElo "2414"]
[PlyCount "162"]
[EventDate "2018.??.??"]

1. Nf3 d5 2. b3 Bf5 3. Bb2 e6 4. c4 h6 5. g3 Nf6 6. Bg2 c6 7. O-O Nbd7 8. d3
Be7 9. Nc3 O-O 10. Re1 Bh7 11. a3 a5 12. h3 Qb6 13. Qc2 Nc5 14. Nd2 Rfd8 15.
Na4 Nxa4 16. bxa4 Bc5 17. Rf1 Nd7 18. Rab1 Qc7 19. cxd5 cxd5 20. Bd4 Rdc8 21.
Bxc5 Qxc5 22. Qb2 Qc2 23. Nb3 b6 24. Qxc2 Rxc2 25. Nd4 Ra2 26. Rfc1 Rxa3 27.
Rc7 Rxa4 28. Nc6 Nf6 29. Rxb6 Ra1+ 30. Kh2 Rf8 31. Ra6 a4 32. g4 g5 33. Bf3 a3
34. Ne5 a2 35. Raa7 Ne8 36. Rd7 Rc1 37. Rxa2 Rc7 38. Ra8 f6 39. Rxe8 Rxe8 40.
Rxc7 fxe5 41. e4 Bg6 42. exd5 exd5 43. Bxd5+ Kf8 44. Be4 Bf7 45. Kg3 Rd8 46.
Bf5 Rd6 47. Kf3 Kg7 48. Ke3 Kf6 49. Rc8 h5 50. Rh8 hxg4 51. hxg4 Rd4 52. Be4
Kg7 53. Rh7+ Kf6 54. Rh3 Kg7 55. Rh7+ Kf6 56. Rh6+ Kg7 57. Rb6 Rd8 58. f3 Rd4
59. Bf5 Ra4 60. Be6 Bg6 61. Bc4 Ra8 62. Rd6 Rc8 63. Be6 Rf8 64. Bd5 Rb8 65. Be6
Rf8 66. Rb6 Rf4 67. Bd5 Rd4 68. Be4 Bf7 69. Bf5 Ra4 70. Be6 Bg6 71. Rd6 Rb4 72.
Bc4 Rb8 73. Rd7+ Kf6 74. Kd2 Rb2+ 75. Kc3 Rb8 76. Rd6+ Kg7 77. Re6 Re8 78. Rb6
Rd8 79. Rc6 Rb8 80. Bd5 Rd8 81. Be4 Bf7 1/2-1/2

[Event "2BLO 1819 SK Weilheim - Nickelhütte Au"]
[Site "?"]
[Date "2018.11.10"]
[Round "1.4"]
[White "Guttenthaler, Franz"]
[Black "Slobodjan, Roman"]
[Result "1/2-1/2"]
[WhiteElo "2335"]
[BlackElo "2474"]
[PlyCount "47"]
[EventDate "2018.??.??"]

1. d4 d5 2. c4 e6 3. Nc3 Be7 4. Nf3 Nf6 5. Bf4 O-O 6. e3 Nbd7 7. c5 Nh5 8. Bd3
Nxf4 9. exf4 c6 10. O-O b6 11. b4 a5 12. a3 Ba6 13. Bxa6 Rxa6 14. Qe2 Ra7 15.
g3 Bf6 16. Ne5 Bxe5 17. fxe5 Qa8 18. Rab1 axb4 19. axb4 Rb8 20. Rfc1 bxc5 21.
bxc5 Rab7 22. Ra1 Ra7 23. Rab1 Rab7 24. Ra1 1/2-1/2

[Event "2BLO 1819 SK Weilheim - Nickelhütte Au"]
[Site "?"]
[Date "2018.11.10"]
[Round "1.5"]
[White "Spiess, Gunter"]
[Black "Deglmann, Ludwig"]
[Result "1/2-1/2"]
[WhiteElo "2421"]
[BlackElo "2265"]
[PlyCount "34"]
[EventDate "2018.??.??"]

1. d4 f5 2. c4 Nf6 3. Nc3 d6 4. Nf3 g6 5. g3 Bg7 6. Bg2 O-O 7. O-O Qe8 8. b3 c6
9. Re1 Na6 10. Bb2 e5 11. e4 fxe4 12. dxe5 dxe5 13. Nxe4 Nxe4 14. Rxe4 Bf5 15.
Re3 Nb4 16. Ne1 Rd8 17. Qe2 Qd7 1/2-1/2

[Event "2BLO 1819 SK Weilheim - Nickelhütte Au"]
[Site "?"]
[Date "2018.11.10"]
[Round "1.6"]
[White "de Francesco, Klaus"]
[Black "Langrock, Hannes"]
[Result "1/2-1/2"]
[WhiteElo "2252"]
[BlackElo "2374"]
[PlyCount "31"]
[EventDate "2018.??.??"]

1. d4 Nf6 2. Bg5 d5 3. e3 c5 4. Nd2 cxd4 5. exd4 Bf5 6. Ngf3 Nc6 7. c3 Qc7 8.
Qb3 Rd8 9. Be2 e6 10. O-O Be7 11. Rfe1 O-O 12. Bf1 h6 13. Bh4 Ne4 14. Bxe7 Qxe7
15. Nxe4 Bxe4 16. Nd2 1/2-1/2

[Event "2BLO 1819 SK Weilheim - Nickelhütte Au"]
[Site "?"]
[Date "2018.11.10"]
[Round "1.7"]
[White "Eichner, Sebastian"]
[Black "Lochte, Thomas"]
[Result "1-0"]
[WhiteElo "2361"]
[BlackElo "2105"]
[PlyCount "71"]
[EventDate "2018.??.??"]

1. d4 Nf6 2. c4 e5 3. dxe5 Ng4 4. Bf4 Bb4+ 5. Nd2 Qe7 6. Ngf3 Nc6 7. e3 Ngxe5
8. Nxe5 Nxe5 9. Be2 O-O 10. O-O Ng6 11. Bg3 Bd6 12. Bxd6 Qxd6 13. Qc2 Qe7 14.
c5 d5 15. cxd6 Qxd6 16. Rfd1 Qe7 17. Nb3 c6 18. Rd4 f5 19. Qd2 Be6 20. Na5 Ne5
21. Rc1 Rad8 22. Nxb7 Rxd4 23. Qxd4 Bd5 24. f4 Ng4 25. Bxg4 fxg4 26. Na5 g5 27.
Qe5 Re8 28. Nxc6 Bxc6 29. Rxc6 Qxe5 30. fxe5 Rxe5 31. Kf2 Ra5 32. b3 Rb5 33. b4
Rf5+ 34. Ke2 Rf7 35. a4 h5 36. Rg6+ 1-0

[Event "2BLO 1819 SK Weilheim - Nickelhütte Au"]
[Site "?"]
[Date "2018.11.10"]
[Round "1.8"]
[White "Tafertshofer, Matthias"]
[Black "Wichmann, Cliff"]
[Result "1/2-1/2"]
[WhiteElo "2058"]
[BlackElo "2266"]
[PlyCount "42"]
[EventDate "2018.??.??"]

1. d4 d5 2. c4 e6 3. Nc3 Nf6 4. cxd5 exd5 5. Bg5 c6 6. Qc2 h6 7. Bh4 g6 8. e3
Bf5 9. Bd3 Bxd3 10. Qxd3 Bg7 11. Nf3 Nbd7 12. O-O O-O 13. b4 Re8 14. Na4 g5 15.
Bg3 Ne4 16. Nc5 Ndxc5 17. bxc5 b6 18. cxb6 axb6 19. Nd2 c5 20. Rfd1 c4 21. Qc2
Nxd2 1/2-1/2

[Event "2BLO 1819 SC Garching - TSV Bindlach Ak"]
[Site "?"]
[Date "2018.11.10"]
[Round "1.1"]
[White "Petr, Martin"]
[Black "Stocek, Jiri"]
[Result "0-1"]
[WhiteElo "2440"]
[BlackElo "2572"]
[PlyCount "74"]
[EventDate "2018.??.??"]

1. e4 e5 2. Bc4 Nf6 3. d3 Nc6 4. Nc3 Na5 5. Qf3 c6 6. Nge2 b5 7. Bb3 d6 8. h3
g6 9. g4 Nxb3 10. axb3 h5 11. g5 Nd7 12. Qg2 Nc5 13. f4 Bg7 14. O-O exf4 15.
Bxf4 Ne6 16. Be3 O-O 17. h4 b4 18. Nd1 c5 19. c3 bxc3 20. bxc3 Bb7 21. Nf2 d5
22. exd5 Qxd5 23. Qxd5 Bxd5 24. Ne4 Bxe4 25. dxe4 a5 26. Rfd1 Rfb8 27. Ra3 Rb7
28. Rd3 c4 29. bxc4 a4 30. Rd5 Rc7 31. c5 Bf8 32. Ra2 Nxc5 33. e5 a3 34. Bd4
Rb7 35. Bxc5 Rb2 36. Nc1 Bxc5+ 37. Rxc5 Rd8 0-1

[Event "2BLO 1819 SC Garching - TSV Bindlach Ak"]
[Site "?"]
[Date "2018.11.10"]
[Round "1.2"]
[White "Krivoborodov, Egor"]
[Black "Cech, Pavel"]
[Result "1/2-1/2"]
[WhiteElo "2524"]
[BlackElo "2330"]
[PlyCount "64"]
[EventDate "2018.??.??"]

1. Nf3 d5 2. g3 Nf6 3. Bg2 c6 4. O-O Bf5 5. c4 e6 6. d4 Nbd7 7. Qb3 Qb6 8. c5
Qa6 9. Nc3 b6 10. cxb6 axb6 11. Nh4 Bg6 12. Nxg6 hxg6 13. e4 dxe4 14. Nxe4 Nd5
15. Bg5 Be7 16. Bxe7 Kxe7 17. a4 Qa5 18. Nc3 N7f6 19. Bxd5 Nxd5 20. Nxd5+ Qxd5
21. Qxb6 Rhb8 22. Qc7+ Kf8 23. Rfb1 Rb4 24. a5 Rxd4 25. a6 Rd2 26. a7 Rxf2 27.
Qb8+ Ke7 28. Kxf2 Qd2+ 29. Kf3 Qd3+ 30. Kg2 Qd5+ 31. Kf1 Qf3+ 32. Ke1 Qe3+
1/2-1/2

[Event "2BLO 1819 SC Garching - TSV Bindlach Ak"]
[Site "?"]
[Date "2018.11.10"]
[Round "1.3"]
[White "Wall, Gavin"]
[Black "Hess, Max"]
[Result "1-0"]
[WhiteElo "2329"]
[BlackElo "2326"]
[PlyCount "71"]
[EventDate "2018.??.??"]

1. e4 c5 2. Nf3 e6 3. c3 Nf6 4. d3 Nc6 5. g3 d6 6. Bg2 Be7 7. O-O O-O 8. Re1
Bd7 9. d4 cxd4 10. cxd4 d5 11. e5 Ne4 12. Nbd2 Nxd2 13. Bxd2 Qb6 14. Bc3 a5 15.
h4 a4 16. a3 Na5 17. Qc2 Rfc8 18. Rad1 Rc7 19. Ng5 g6 20. Re3 Rac8 21. Rf3 Be8
22. Nh3 Nc4 23. Qc1 Qb3 24. Rdd3 b5 25. h5 b4 26. axb4 Bxb4 27. hxg6 hxg6 28.
Qh6 Bf8 29. Qh4 Be7 30. Rf6 Nxe5 31. dxe5 Rc4 32. g4 Qc2 33. Ng5 Qc1+ 34. Kh2
Bxf6 35. exf6 Qf4+ 36. Rg3 1-0

[Event "2BLO 1819 SC Garching - TSV Bindlach Ak"]
[Site "?"]
[Date "2018.11.10"]
[Round "1.4"]
[White "Renner, Christoph"]
[Black "Krensing, Jan"]
[Result "0-1"]
[WhiteElo "2337"]
[BlackElo "2347"]
[PlyCount "94"]
[EventDate "2018.??.??"]

1. d4 Nf6 2. Bf4 e6 3. e3 c5 4. Nd2 cxd4 5. exd4 b6 6. Ngf3 Bb7 7. Be2 Be7 8.
O-O Nh5 9. Be3 Qc7 10. Re1 O-O 11. c4 Nf6 12. Rc1 Ng4 13. Nf1 Nxe3 14. Nxe3 d6
15. Bd3 Qd8 16. d5 e5 17. Nf5 Bf6 18. Qd2 Bc8 19. b4 g6 20. Nh6+ Kg7 21. h3 a5
22. a3 axb4 23. axb4 Ra3 24. Ng4 Bxg4 25. hxg4 h6 26. Rcd1 Nd7 27. Qc2 Qa8 28.
Nd2 Rc8 29. Ne4 Be7 30. Qe2 Nf6 31. g5 hxg5 32. Nxg5 Nh5 33. Nh3 Qa4 34. f4
Qxb4 35. fxe5 dxe5 36. g4 e4 37. Qxe4 Bc5+ 38. Kg2 Nf6 39. Qf3 Ra2+ 40. Re2
Rxe2+ 41. Bxe2 Re8 42. g5 Nh5 43. Rf1 Re7 44. Kh1 Rxe2 45. d6 Qxc4 46. d7 Qd5
47. Qxd5 Ng3# 0-1

[Event "2BLO 1819 SC Garching - TSV Bindlach Ak"]
[Site "?"]
[Date "2018.11.10"]
[Round "1.5"]
[White "Delitzsch, Juergen"]
[Black "Koepke, Christian"]
[Result "1/2-1/2"]
[WhiteElo "2178"]
[BlackElo "2339"]
[PlyCount "50"]
[EventDate "2018.??.??"]

1. d4 Nf6 2. c4 g6 3. Nc3 Bg7 4. e4 d6 5. f3 O-O 6. Be3 c5 7. d5 e6 8. Bd3 exd5
9. cxd5 Nbd7 10. Nge2 Ne5 11. O-O Nxd3 12. Qxd3 Re8 13. Ng3 Bd7 14. a4 a5 15.
Bg5 h6 16. Bf4 Qc7 17. Qc4 g5 18. Bd2 b5 19. Qb3 c4 20. Qc2 b4 21. Nd1 Rac8 22.
Ne3 c3 23. bxc3 bxc3 24. Bc1 Re5 25. Kh1 Qc5 1/2-1/2

[Event "2BLO 1819 SC Garching - TSV Bindlach Ak"]
[Site "?"]
[Date "2018.11.10"]
[Round "1.6"]
[White "Koepke, Elena"]
[Black "Pfadenhauer, Johannes"]
[Result "1/2-1/2"]
[WhiteElo "2288"]
[BlackElo "2178"]
[PlyCount "69"]
[EventDate "2018.??.??"]

1. e4 d5 2. exd5 Qxd5 3. Nc3 Qd8 4. d4 Nf6 5. Nf3 Bg4 6. Be2 e6 7. h3 Bxf3 8.
Bxf3 c6 9. O-O Nbd7 10. Re1 Be7 11. Ne2 O-O 12. c3 Re8 13. Qb3 Qb6 14. Bf4 Nd5
15. Bd2 a5 16. Qxb6 N7xb6 17. b3 a4 18. Nf4 Nxf4 19. Bxf4 Bf6 20. bxa4 Nd5 21.
Bxd5 cxd5 22. Reb1 Rec8 23. Rxb7 Rxc3 24. Rab1 Bxd4 25. a5 h5 26. Rb8+ Rxb8 27.
Rxb8+ Kh7 28. Rb4 e5 29. Be3 Bxe3 30. fxe3 Ra3 31. Rb5 d4 32. exd4 exd4 33.
Rxh5+ Kg6 34. Rd5 Rxa2 35. Rxd4 1/2-1/2

[Event "2BLO 1819 SC Garching - TSV Bindlach Ak"]
[Site "?"]
[Date "2018.11.10"]
[Round "1.7"]
[White "Heimerdinger, Joerg"]
[Black "Pitschka, Claus"]
[Result "1-0"]
[WhiteElo "2128"]
[BlackElo "2251"]
[PlyCount "115"]
[EventDate "2018.??.??"]

1. e4 Nf6 2. e5 Nd5 3. d4 d6 4. c4 Nb6 5. exd6 cxd6 6. Nc3 g6 7. Be3 Bg7 8. Nf3
O-O 9. h3 Nc6 10. Be2 Bf5 11. O-O d5 12. b3 e5 13. c5 Nc8 14. dxe5 Nxe5 15.
Nxd5 Be4 16. Nxe5 Bxe5 17. Nf4 Qf6 18. f3 Bc6 19. g3 Rd8 20. Qe1 Bxa1 21. Qxa1
Qxa1 22. Rxa1 Ne7 23. Kf2 Nf5 24. Bc1 Nd4 25. Bd1 Rd7 26. g4 Re8 27. Be3 Ne6
28. Rc1 Nxf4 29. Bxf4 f6 30. Bd6 Kg7 31. Be2 a6 32. a4 Rh8 33. Ra1 h5 34. g5
Re8 35. h4 fxg5 36. hxg5 Rf7 37. b4 Rf5 38. b5 axb5 39. axb5 Bd5 40. f4 Re4 41.
Bd3 Rexf4+ 42. Bxf4 Rxf4+ 43. Ke3 Rf7 44. Kd4 Bg2 45. Rg1 Bf3 46. Rf1 Rd7+ 47.
Ke3 Bd5 48. Rf6 Bf7 49. Be4 h4 50. Rb6 h3 51. Rxb7 Rd1 52. Ke2 Rd4 53. Bf3 h2
54. Ra7 Rf4 55. Bh1 Rf5 56. b6 Rxc5 57. b7 Rb5 58. Ra8 1-0

[Event "2BLO 1819 SC Garching - TSV Bindlach Ak"]
[Site "?"]
[Date "2018.11.10"]
[Round "1.8"]
[White "Ruecker, Benjamin"]
[Black "Tiller, Jaroslav"]
[Result "1-0"]
[WhiteElo "2252"]
[BlackElo "2090"]
[PlyCount "61"]
[EventDate "2018.??.??"]

1. Nf3 Nf6 2. d4 d6 3. g3 g6 4. Bg2 Bg7 5. O-O O-O 6. b3 c5 7. Bb2 Nc6 8. d5
Na5 9. Re1 b5 10. e4 b4 11. e5 Ne8 12. exd6 exd6 13. Bxg7 Kxg7 14. a3 bxa3 15.
Nbd2 Nf6 16. Rxa3 Nb7 17. Qa1 Kg8 18. Rxa7 Rxa7 19. Qxa7 Nxd5 20. Nh4 Ne7 21.
Nc4 d5 22. Ne3 Qd6 23. Rd1 g5 24. Bxd5 Nxd5 25. Rxd5 Qf6 26. Nhf5 Rd8 27. Ng4
Qe6 28. Qa1 f6 29. Nfh6+ Kg7 30. Rxg5+ Kf8 31. Rf5 1-0

[Event "2BLO 1819 SK Passau - Erfurter SK"]
[Site "?"]
[Date "2018.11.10"]
[Round "1.1"]
[White "Braeuer, Franz"]
[Black "Schwabeneder, Florian"]
[Result "1-0"]
[WhiteElo "2430"]
[BlackElo "2451"]
[PlyCount "83"]
[EventDate "2018.??.??"]

1. e4 c5 2. Nf3 Nc6 3. d4 cxd4 4. Nxd4 Nf6 5. Nc3 d6 6. f3 e5 7. Nb3 Be7 8. Be3
Be6 9. Nd5 O-O 10. Qd2 Bxd5 11. exd5 Nb8 12. Be2 Nbd7 13. Na5 Qc7 14. c4 Rfe8
15. O-O Bf8 16. b4 b6 17. Nc6 Nb8 18. Nxb8 Raxb8 19. Rfc1 Nh5 20. a4 f5 21. a5
Nf6 22. axb6 axb6 23. Ra6 Kh8 24. Bd1 Rb7 25. Ba4 Reb8 26. Bc6 Ra7 27. b5 f4
28. Bf2 g5 29. Rca1 Rxa6 30. bxa6 Qa7 31. Qb4 Be7 32. Qb5 g4 33. Rb1 Bd8 34.
Bb7 Rxb7 35. axb7 Qxb7 36. Bxb6 Be7 37. Bf2 Qc8 38. Qb8 Qxb8 39. Rxb8+ Kg7 40.
Rb7 Kf8 41. Bh4 gxf3 42. Bxf6 1-0

[Event "2BLO 1819 SK Passau - Erfurter SK"]
[Site "?"]
[Date "2018.11.10"]
[Round "1.2"]
[White "Wisnet, Dominic"]
[Black "Votava, Jan"]
[Result "0-1"]
[WhiteElo "2288"]
[BlackElo "2529"]
[PlyCount "88"]
[EventDate "2018.??.??"]

1. Nf3 Nf6 2. d4 g6 3. Bf4 Bg7 4. e3 b6 5. Nbd2 Bb7 6. Bd3 d6 7. h3 Nbd7 8. c3
e5 9. Bg5 O-O 10. O-O h6 11. Bxf6 Bxf6 12. Qb3 d5 13. e4 c5 14. exd5 cxd4 15.
cxd4 exd4 16. Ne4 Nc5 17. Nxc5 Bxd5 18. Bc4 Bxc4 19. Qxc4 bxc5 20. Qxc5 Qd7 21.
Qc4 d3 22. Rad1 Rfd8 23. Rd2 Rac8 24. Qe4 Qd5 25. Qxd5 Rxd5 26. Rfd1 Rc2 27. b3
Rdc5 28. g3 Rxd2 29. Nxd2 Rc2 30. a4 Be7 31. Kg2 Rb2 32. Kf3 Bg5 33. Nc4 Rxb3
34. h4 Be7 35. a5 Bc5 36. Ne5 Bb4 37. Nc6 d2+ 38. Ke2 Bc3 39. Nxa7 Rb7 40. Nc6
Rc7 41. Nb8 Bxa5 42. Na6 Rc6 43. Nb8 Re6+ 44. Kd3 Rb6 0-1

[Event "2BLO 1819 SK Passau - Erfurter SK"]
[Site "?"]
[Date "2018.11.10"]
[Round "1.3"]
[White "Enders, Peter"]
[Black "Schmidt, Peter"]
[Result "0-1"]
[WhiteElo "2441"]
[BlackElo "2398"]
[PlyCount "68"]
[EventDate "2018.??.??"]

1. b3 e5 2. Bb2 Nc6 3. e3 Nf6 4. Nf3 e4 5. Nd4 Bc5 6. Nxc6 dxc6 7. d4 Bd6 8. c4
Bf5 9. Nc3 h5 10. Qd2 h4 11. O-O-O h3 12. f3 Bg6 13. gxh3 Qd7 14. fxe4 Nxe4 15.
Nxe4 Bxe4 16. Rg1 Rh7 17. d5 cxd5 18. cxd5 g6 19. Qd4 Qe7 20. Bb5+ Kf8 21. Rdf1
Bc5 22. Qd2 Bf5 23. Bd4 Rd8 24. Rxf5 Bxd4 25. Qxd4 gxf5 26. Bd3 Rxd5 27. Qxd5
Qxe3+ 28. Kb2 Qxg1 29. Qxf5 Qd4+ 30. Kc2 Rh6 31. Qc8+ Kg7 32. Qxb7 Rf6 33. Qb5
c5 34. Qe8 Rf3 0-1

[Event "2BLO 1819 SK Passau - Erfurter SK"]
[Site "?"]
[Date "2018.11.10"]
[Round "1.4"]
[White "Weiss, Christian"]
[Black "Haba, Petr"]
[Result "1/2-1/2"]
[WhiteElo "2378"]
[BlackElo "2447"]
[PlyCount "48"]
[EventDate "2018.??.??"]

1. d4 d5 2. Nf3 Nf6 3. c4 c6 4. Nc3 dxc4 5. a4 Bf5 6. e3 e6 7. Bxc4 Bb4 8. O-O
Nbd7 9. Qe2 O-O 10. Rd1 Bg6 11. Bd3 Bh5 12. Qc2 h6 13. Ne2 Qa5 14. Nd2 Bxe2 15.
Bxe2 e5 16. Nc4 Qc7 17. Qb3 a5 18. Qc2 exd4 19. exd4 Nb6 20. g3 Nfd5 21. Nxb6
Qxb6 22. Bc4 Qd8 23. Qb3 Qd7 24. Bxd5 cxd5 1/2-1/2

[Event "2BLO 1819 SK Passau - Erfurter SK"]
[Site "?"]
[Date "2018.11.10"]
[Round "1.5"]
[White "Machelett, Heiko"]
[Black "Testor, Sebastian"]
[Result "1/2-1/2"]
[WhiteElo "2382"]
[BlackElo "2291"]
[PlyCount "53"]
[EventDate "2018.??.??"]

1. d4 e6 2. c4 Nf6 3. Nc3 Bb4 4. e3 O-O 5. Nge2 d5 6. cxd5 exd5 7. a3 Be7 8. g3
c6 9. Bg2 Na6 10. O-O Nc7 11. h3 Re8 12. g4 h6 13. Ng3 Bf8 14. f4 Nh7 15. Qf3
a6 16. Bd2 Nb5 17. Nxb5 axb5 18. Qf2 Bd6 19. Bc3 Qc7 20. Rac1 Nf6 21. Qd2 Qe7
22. Rfe1 Qd8 23. Bb4 Bxb4 24. Qxb4 Qa5 25. Qxa5 Rxa5 26. Kf2 b4 27. axb4
1/2-1/2

[Event "2BLO 1819 SK Passau - Erfurter SK"]
[Site "?"]
[Date "2018.11.10"]
[Round "1.6"]
[White "Hiermann, Dietmar"]
[Black "Troyke, Christian"]
[Result "0-1"]
[WhiteElo "2234"]
[BlackElo "2345"]
[PlyCount "102"]
[EventDate "2018.??.??"]

1. e4 g6 2. d4 Bg7 3. Nc3 d5 4. exd5 Nf6 5. Bb5+ Nbd7 6. Nf3 O-O 7. O-O Nb6 8.
h3 Nbxd5 9. Nxd5 Qxd5 10. Bd3 c5 11. c4 Qd6 12. dxc5 Qxc5 13. Be3 Qc7 14. Rc1
e5 15. Bb1 Rd8 16. Qe2 h6 17. b3 Bd7 18. Rcd1 Bc6 19. Bc1 Rxd1 20. Rxd1 Re8 21.
Bb2 Nh5 22. Ne1 Nf4 23. Qe3 f5 24. Qxa7 Qe7 25. Qe3 Qg5 26. Kh2 Bxg2 27. Rd7
Bc6 28. Rd2 Nxh3 29. Qxg5 Nxg5 30. b4 Bf8 31. a3 Ne4 32. Bxe4 Bxe4 33. f3 Bb1
34. Rd7 e4 35. f4 Re7 36. Rd8 Kf7 37. Be5 g5 38. Kg3 Bg7 39. Bd6 Bc3 40. Ng2
Re6 41. Ne3 Bd2 42. Kf2 Bd3 43. c5 g4 44. Rf8+ Kg6 45. Nxg4 e3+ 46. Nxe3 Bxe3+
47. Kg3 Bd4 48. Rb8 Re3+ 49. Kh2 Be4 50. a4 Re1 51. b5 Bg1+ 0-1

[Event "2BLO 1819 SK Passau - Erfurter SK"]
[Site "?"]
[Date "2018.11.10"]
[Round "1.7"]
[White "Casper, Thomas"]
[Black "Pflug, Matthias"]
[Result "1/2-1/2"]
[WhiteElo "2360"]
[BlackElo "2260"]
[PlyCount "83"]
[EventDate "2018.??.??"]

1. e4 c5 2. Nf3 d6 3. Bb5+ Nd7 4. a4 Ngf6 5. Qe2 g6 6. c3 Qc7 7. O-O e5 8. d4
Bg7 9. dxe5 dxe5 10. Nbd2 O-O 11. a5 a6 12. Bd3 Nb8 13. Nc4 Nc6 14. Be3 Qe7 15.
Nb6 Rb8 16. Nd2 Be6 17. Bc4 Nd8 18. f3 Nd7 19. Nxd7 Bxd7 20. Rfd1 Be6 21. Nb3
Rc8 22. Bd5 Re8 23. Qc4 Bf8 24. Qa4 Rc7 25. Nd2 Bd7 26. Qb3 Bb5 27. Nc4 Bxc4
28. Qxc4 h5 29. Rd3 Kh7 30. Rad1 Bh6 31. Bf2 Kg7 32. Qa4 Kh7 33. Bc4 Nc6 34.
Rd6 Bf8 35. R6d5 Nb8 36. Qb3 Rec8 37. Kh1 Kg7 38. Qc2 Qe8 39. Qb3 Qe7 40. Qa4
Kh7 41. R1d3 Bg7 42. Rd1 1/2-1/2

[Event "2BLO 1819 SK Passau - Erfurter SK"]
[Site "?"]
[Date "2018.11.10"]
[Round "1.8"]
[White "Hellmayr, Alois"]
[Black "Brueggemann, Joachim"]
[Result "1/2-1/2"]
[WhiteElo "2268"]
[BlackElo "2304"]
[PlyCount "102"]
[EventDate "2018.??.??"]

1. Nf3 Nf6 2. d4 e6 3. e3 b6 4. b3 Bb7 5. Bd3 d5 6. O-O Bd6 7. Bb2 O-O 8. Ne5
c5 9. Nd2 Nc6 10. f4 Rc8 11. a3 Ne7 12. Qf3 Rc7 13. Qh3 b5 14. dxc5 Bxc5 15.
Ng4 Ng6 16. Bxf6 gxf6 17. f5 exf5 18. Nh6+ Kh8 19. Nxf5 Bc8 20. Qh6 Bxf5 21.
Rxf5 Re8 22. Nf1 Re5 23. b4 Bb6 24. Rd1 Kg8 25. Kh1 Qe7 26. Rh5 Rxh5 27. Qxh5
Qe5 28. Qf3 Re7 29. h3 a6 30. Nh2 h5 31. Nf1 Nh4 32. Qg3+ Qxg3 33. Nxg3 Rxe3
34. Nxh5 f5 35. Nf6+ Kg7 36. Nxd5 Re6 37. Nxb6 Rxb6 38. Rf1 Rg6 39. g4 Re6 40.
gxf5 Re3 41. Rf2 Kf6 42. Kh2 Nf3+ 43. Kg3 Ne5+ 44. Kf4 Rxh3 45. Ke4 Rh1 46. Bf1
Rg1 47. Bd3 Ra1 48. Rh2 Ng4 49. Rg2 Ne5 50. Rh2 Ng4 51. Rg2 Ne5 1/2-1/2

[Event "2BLO 1819 SC NT Nürnberg - SK König P"]
[Site "?"]
[Date "2018.11.10"]
[Round "1.1"]
[White "Markowski, Tomasz"]
[Black "Maximov, Dmitry"]
[Result "0-1"]
[WhiteElo "2551"]
[BlackElo "2474"]
[PlyCount "100"]
[EventDate "2018.??.??"]

1. d4 Nf6 2. Nf3 g6 3. c3 Bg7 4. Bf4 O-O 5. e3 d6 6. h3 Nc6 7. Be2 Nd7 8. O-O
e5 9. Bh2 Qe7 10. b4 Nd8 11. c4 f5 12. Nc3 Nf7 13. b5 Kh8 14. Qc2 Nf6 15. Rac1
Bd7 16. c5 g5 17. dxe5 dxe5 18. c6 bxc6 19. bxc6 Bc8 20. Rfd1 f4 21. exf4 gxf4
22. Bd3 Be6 23. Re1 Nd5 24. Qe2 Nxc3 25. Rxc3 Bf6 26. Rcc1 Rae8 27. Qc2 Rg8 28.
Kh1 Nd6 29. Nd2 Qg7 30. Rg1 Bh4 31. Ne4 Nf5 32. g3 fxg3 33. fxg3 Be7 34. g4 Nd4
35. Qg2 Rgf8 36. Bc4 Bg5 37. Bxe6 Bxc1 38. Bd7 Be3 39. Re1 Rb8 40. Bg3 Bf4 41.
Bh4 Qg6 42. Be7 Rf7 43. Bc5 Nxc6 44. Bf5 Qh6 45. Rf1 Rg8 46. Qf3 Ne7 47. Bxe7
Rxe7 48. Rd1 Rf7 49. Qb3 Rxf5 50. gxf5 Be3 0-1

[Event "2BLO 1819 SC NT Nürnberg - SK König P"]
[Site "?"]
[Date "2018.11.10"]
[Round "1.2"]
[White "Milov, Leonid"]
[Black "Kuraszkiewicz, Michael"]
[Result "1/2-1/2"]
[WhiteElo "2481"]
[BlackElo "2323"]
[PlyCount "95"]
[EventDate "2018.??.??"]

1. e4 c5 2. Nf3 Nc6 3. d4 cxd4 4. Nxd4 Nf6 5. Nc3 e5 6. Ndb5 d6 7. Bg5 a6 8.
Na3 b5 9. Bxf6 gxf6 10. Nd5 f5 11. Bd3 Be6 12. O-O Bxd5 13. exd5 Ne7 14. c3 Bg7
15. Qh5 e4 16. Bc2 O-O 17. Rae1 Rc8 18. g4 Rc5 19. gxf5 Nxd5 20. Bxe4 Nf6 21.
Qh3 Kh8 22. Bd3 Rg8 23. Kh1 Qa8+ 24. f3 Qd5 25. Bb1 Qd2 26. Nc2 Re5 27. Rd1 Qe2
28. Rxd6 Rd5 29. Rxd5 Nxd5 30. f6 Nxf6 31. Re1 Qf2 32. Qg2 Qc5 33. Nd4 Bf8 34.
Qh3 Qg5 35. Rd1 b4 36. Be4 bxc3 37. bxc3 Bc5 38. Qf1 Qf4 39. Ne2 Qh4 40. Bc2 a5
41. Nd4 Qf4 42. Qd3 Bb6 43. Qd2 Qxd2 44. Rxd2 Nd5 45. Ne2 Nxc3 46. Ng3 Rd8 47.
Rxd8+ Bxd8 48. Bb3 1/2-1/2

[Event "2BLO 1819 SC NT Nürnberg - SK König P"]
[Site "?"]
[Date "2018.11.10"]
[Round "1.3"]
[White "Sandner, Gunter"]
[Black "Yelisieiev, Yevhenii"]
[Result "0-1"]
[WhiteElo "2270"]
[BlackElo "2385"]
[PlyCount "76"]
[EventDate "2018.??.??"]

1. d4 d5 2. c4 e6 3. Nf3 Nf6 4. g3 Bb4+ 5. Bd2 Bd6 6. Bg2 c6 7. O-O O-O 8. Qc2
Nbd7 9. Nc3 dxc4 10. Rad1 Qc7 11. e4 e5 12. Bg5 Ng4 13. h3 h6 14. Bc1 Ngf6 15.
Be3 Re8 16. dxe5 Nxe5 17. Nd4 Bd7 18. f4 Nd3 19. e5 Bb4 20. Kh2 Bxc3 21. Qxc3
Rac8 22. Bg1 Nd5 23. Qd2 b5 24. Nxb5 cxb5 25. Bxd5 Bxh3 26. Bxf7+ Qxf7 27. Kxh3
Qh5+ 28. Kg2 Rcd8 29. Qc2 Nb4 30. Qc1 Qe2+ 31. Bf2 Nd3 32. Qe3 Qxe3 33. Bxe3
Nxb2 34. Rd4 Nd3 35. f5 Nxe5 36. f6 g5 37. Re4 Kf7 38. Bc5 Rd2+ 0-1

[Event "2BLO 1819 SC NT Nürnberg - SK König P"]
[Site "?"]
[Date "2018.11.10"]
[Round "1.4"]
[White "Mischustov, Michael"]
[Black "Kunze, Carlo"]
[Result "1/2-1/2"]
[WhiteElo "2338"]
[BlackElo "2252"]
[PlyCount "34"]
[EventDate "2018.??.??"]

1. e4 d6 2. d4 Nf6 3. Nc3 Nbd7 4. g3 e5 5. Nge2 Be7 6. Bg2 O-O 7. O-O c6 8. h3
b5 9. a3 Bb7 10. Re1 a6 11. b3 Qc7 12. Bb2 Rad8 13. Qd2 Rfe8 14. Rad1 Bf8 15.
g4 h6 16. Ng3 exd4 17. Qxd4 d5 {(=)} 1/2-1/2